[Event "A Dutch Treat"]
[Site "SchemingMind.com"]
[Date "2005.12.04"]
[Round "-"]
[White "Louis Lima"]
[Black "JPT"]
[Result "1-0"]
[WhiteCountry "ESP"]
[BlackCountry "INT"]
[WhiteElo "1717"]
[WhiteRD "56"]
[BlackElo "1765"]
[BlackRD "71"]
[GameID "32025"]

1. d4 f5 2. e4 fxe4 3. Nc3 Nf6 4. Bg5 g6 5. f3 exf3 6. Nxf3 Bg7 7. Bc4 c6 8. d5 d6 9. dxc6 bxc6 10. Qd2 e5
11. O-O-O Qe7 12. Qxd6 Qxd6 13. Rxd6 Ke7 14. Rhd1 h6 15. Nxe5 Bf5 16. g4 hxg5 17. gxf5 Nd5 18. Re6+
1-0

[Event "A Dutch Treat"]
[Site "SchemingMind.com"]
[Date "2005.12.13"]
[Round "-"]
[White "Zugzwang"]
[Black "JPT"]
[Result "0-1"]
[WhiteCountry "CAN"]
[BlackCountry "INT"]
[WhiteElo "1565"]
[WhiteRD "75"]
[BlackElo "1765"]
[BlackRD "71"]
[GameID "32938"]

1. d4 f5 2. c4 Nf6 3. Nc3 g6 4. g3 Bg7 5. Bg2 O-O 6. Nf3 d6 7. O-O Nc6 8. Re1 Rb8 9. b3 a6 10. e4 fxe4
11. Nxe4 Nxe4 12. Rxe4 Bf5 13. Rf4 e5 14. Rh4 exd4 15. Bg5 Qd7 16. Rc1 Ne5 17. Nxd4 Nd3 18. Nxf5 Qxf5 19. Rc2 Rbe8 20. Bd2 Qxf2+
21. Kh1 Re2 22. Bd5+ Kh8 23. Rf4 Qxh2#
0-1

[Event "A Dutch Treat"]
[Site "SchemingMind.com"]
[Date "2005.12.13"]
[Round "-"]
[White "Zugzwang"]
[Black "Louis Lima"]
[Result "1/2-1/2"]
[WhiteCountry "CAN"]
[BlackCountry "ESP"]
[WhiteElo "1565"]
[WhiteRD "75"]
[BlackElo "1717"]
[BlackRD "56"]
[GameID "32939"]

1. d4 f5 2. c4 e6 3. g3 Nf6 4. Bg2 d5 5. Nf3 c6 6. O-O Bd6 7. Nc3 O-O 8. Qc2 Bd7 9. c5 Bc7 10. Bg5 Be8
11. Ne5 Nbd7 12. f4 h6 13. Bh4 Qb8 14. b4 Bxe5 15. fxe5 g5 16. Bxg5 hxg5 17. Qd2 Nh7 18. Rf2 Qd8 19. Raf1 g4 20. h3 Bh5
21. h4 Rf7=
1/2-1/2

[Event "A Dutch Treat"]
[Site "SchemingMind.com"]
[Date "2005.12.13"]
[Round "-"]
[White "JPT"]
[Black "Zugzwang"]
[Result "1-0"]
[WhiteCountry "INT"]
[BlackCountry "CAN"]
[WhiteElo "1765"]
[WhiteRD "71"]
[BlackElo "1565"]
[BlackRD "75"]
[GameID "32940"]

1. d4 f5 2. e4 fxe4 3. Nc3 Nf6 4. f3 exf3 5. Nxf3 g6 6. Bg5 Bg7 7. Bc4 d5 8. Bxf6 Bxf6 9. Nxd5 Rf8 10. O-O Be6
11. Nxf6+ Rxf6 12. Bxe6 Rxe6 13. Ng5 Rf6 14. Nxh7 Rxf1+ 15. Kxf1 Nc6 16. c3 Qd6 17. Kg1 O-O-O 18. Qg4+ Kb8 19. Rf1 Rh8 20. Rf8+ Rxf8
21. Nxf8 Qd8 22. Nxg6 Qd6 23. Ne5 b6 24. Qg6 e6 25. Qe8+ Kb7 26. Qxc6+ Qxc6 27. Nxc6 Kxc6 28. h4 Kd7 29. g4 Ke7 30. g5 Kf7
31. h5 Kg7 32. Kf2 a5 33. Kf3 c5 34. Ke4 cxd4 35. cxd4 b5 36. Ke5
1-0

[Event "A Dutch Treat"]
[Site "SchemingMind.com"]
[Date "2005.12.13"]
[Round "-"]
[White "Louis Lima"]
[Black "Zugzwang"]
[Result "1-0"]
[WhiteCountry "ESP"]
[BlackCountry "CAN"]
[WhiteElo "1717"]
[WhiteRD "56"]
[BlackElo "1565"]
[BlackRD "75"]
[GameID "32941"]

1. d4 f5 2. c4 Nf6 3. Nc3 e6 4. Nf3 c6 5. Bg5 Qb6 6. Qc2 d5 7. e3 Na6 8. Bxf6 gxf6 9. cxd5 cxd5 10. Bb5+ Bd7
11. Bxd7+ Kxd7 12. Qa4+ Ke7 13. Qb5 Qxb5 14. Nxb5 Nb4 15. Kd2 a6 16. a3 Kf7 17. axb4 axb5 18. Kc3 Rxa1 19. Rxa1 Bd6 20. Ra5 Rc8+
21. Kb3 e5 22. Rxb5 Rc7 23. Rxd5 Ke6 24. Rb5 e4 25. d5+ Kd7 26. Nd4 Bxh2 27. Nxf5 Bg1 28. f3 exf3 29. gxf3 Kc8 30. Rb6
1-0

[Event "A Dutch Treat"]
[Site "SchemingMind.com"]
[Date "2005.12.16"]
[Round "-"]
[White "willygor"]
[Black "JPT"]
[Result "1/2-1/2"]
[WhiteCountry "ARG"]
[BlackCountry "INT"]
[WhiteElo "1672"]
[WhiteRD "64"]
[BlackElo "1782"]
[BlackRD "72"]
[GameID "33375"]

1. d4 f5 2. Nf3 Nf6 3. Nc3 g6 4. Bg5 Bg7 5. Bxf6 Bxf6 6. e4 fxe4 7. Nxe4 Bg7 8. c3 O-O 9. Bd3 d6 10. h3 Nc6
11. O-O a6 12. Qc2 Bxh3 13. Neg5 Bf5 14. Bxf5 Rxf5 15. Ne6 Qd7 16. Nxg7 Kxg7 17. Rae1 Raf8 18. Re3 d5 19. Qe2 Qd6 20. g3 h6
21. Re6 Qd7 22. Nh4 R5f6 23. Rxf6 Rxf6 24. Re1 e6 25. Qd3 Qf7 26. Re2 g5 27. Ng2 Qg6 28. Qd2 Qb1+ 29. Kh2 Qxa2 30. Ne3 Qb1
31. Ng4 Rg6 32. Kg2 Qf5 33. Ne3 Qf7 34. b3 h5 35. c4 g4 36. c5 Kh7 37. Kg1 e5 38. dxe5 Nxe5 39. Qxd5 Qxd5 40. Nxd5 Re6
41. Nxc7 Nf3+ 42. Kf1 Rxe2 43. Kxe2 Nd4+ 44. Kd3 Nxb3 45. Kc4 Na5+ 46. Kd5 Kg6 47. Ne8 Nb3 48. Nd6 Nxc5 49. Kxc5 b5 50. Kd4 b4
51. Nc4 Kg5 52. Ke4 h4 53. gxh4+ Kxh4 54. Kf4 b3 55. Nb2 a5 56. Na4 Kh3 57. Nb2 Kg2 58. Ke3=
1/2-1/2

[Event "A Dutch Treat"]
[Site "SchemingMind.com"]
[Date "2005.12.16"]
[Round "-"]
[White "willygor"]
[Black "Zugzwang"]
[Result "0-1"]
[WhiteCountry "ARG"]
[BlackCountry "CAN"]
[WhiteElo "1646"]
[WhiteRD "63"]
[BlackElo "1565"]
[BlackRD "75"]
[GameID "33376"]

1. d4 f5 2. Nc3 Nf6 3. Bg5 e6 4. e4 c5 5. e5 h6 6. Bxf6 gxf6 7. Qh5+ Ke7 8. Qh4 Bg7 9. Nf3 Qb6 10. Rb1 d5
11. Nb5 Rf8 12. Nd6 Kd7 13. Bb5+ Nc6 14. O-O Kc7 15. Rfc1 fxe5 16. Bxc6 Kxd6 17. Ba4 Qa5 18. dxe5+ Bxe5 19. Nxe5 Kxe5 20. c3 c4
21. Re1+ Kd6 22. Qf4+ Ke7 23. Bc2 Rf6 24. Bxf5 d4 25. Qh4 Qxf5 26. cxd4 Kd6 27. Rbd1 Bd7 28. Re5 Qc2 29. Rde1 Raf8 30. R5e2 Qg6
31. f3 Bc6 32. Qg3+ Qxg3 33. hxg3 b5 34. Rd2 b4 35. Kf2 a5 36. Re3 a4 37. g4 Rg6 38. Ke1 Rg5 39. a3 Rb8 40. axb4 Rxb4
41. Kf2 Rb3 42. Re1 Rgb5 43. Ree2 c3 44. bxc3 a3 45. Ra2 Bd5 46. Rac2 Bc4 47. Re1 Rb2
0-1

[Event "A Dutch Treat"]
[Site "SchemingMind.com"]
[Date "2005.12.16"]
[Round "-"]
[White "willygor"]
[Black "Louis Lima"]
[Result "1/2-1/2"]
[WhiteCountry "ARG"]
[BlackCountry "ESP"]
[WhiteElo "1646"]
[WhiteRD "63"]
[BlackElo "1717"]
[BlackRD "56"]
[GameID "33377"]

1. d4 f5 2. Nf3 Nf6 3. Nc3 e6 4. Bg5 Be7 5. Bxf6 Bxf6 6. e4 fxe4 7. Nxe4 O-O 8. c3 Nc6 9. Nxf6+ Qxf6 10. Bd3 e5
11. d5 Ne7 12. O-O d6 13. Nd2 Nxd5 14. Qb3 Be6 15. Qc2 Bf5 16. Bxf5 Qxf5 17. Qb3 e4 18. Rad1 b6 19. Nxe4 Qxe4=
1/2-1/2

[Event "A Dutch Treat"]
[Site "SchemingMind.com"]
[Date "2005.12.15"]
[Round "-"]
[White "JPT"]
[Black "willygor"]
[Result "1-0"]
[WhiteCountry "INT"]
[BlackCountry "ARG"]
[WhiteElo "1765"]
[WhiteRD "71"]
[BlackElo "1646"]
[BlackRD "63"]
[GameID "33378"]

1. d4 f5 2. e4 fxe4 3. Nc3 d5 4. Qh5+ g6 5. Qxd5 Qxd5 6. Nxd5 Kd8 7. Bf4 g5 8. Bxc7+ Kd7 9. Be5 Nf6 10. Nc7 Nc6
11. Bb5 Bg7 12. Nxa8 Rg8 13. Bxf6
1-0

[Event "A Dutch Treat"]
[Site "SchemingMind.com"]
[Date "2005.12.16"]
[Round "-"]
[White "Zugzwang"]
[Black "willygor"]
[Result "0-1"]
[WhiteCountry "CAN"]
[BlackCountry "ARG"]
[WhiteElo "1565"]
[WhiteRD "75"]
[BlackElo "1646"]
[BlackRD "63"]
[GameID "33379"]

1. d4 f5 2. c4 Nf6 3. Nc3 e6 4. e3 Bb4 5. Bd2 b6 6. Bd3 Bb7 7. Nf3 O-O 8. Qc2 Ne4 9. a3 Nxd2 10. axb4 Nxf3+
11. gxf3 Bxf3 12. Rg1 Nc6 13. Ra4 Qe7 14. c5 Qh4 15. Rg3 Bh5 16. d5 Ne5 17. h3 Nxd3+ 18. Qxd3 Bg6 19. Rf3 Qh5 20. Qe2 Qg5
21. Qc4 Qg1+ 22. Qf1 Qg5 23. dxe6 dxe6 24. c6 a6 25. Rg3 Qe7 26. Qg2 b5 27. Ra1 Qxb4 28. Kf1 Qxb2 29. Rd1 Qxc3 30. e4 Qxc6
31. exf5 Qxg2+ 32. Rxg2 Bxf5 33. Rg3 g6 34. Rd7 c5 35. h4 Rf7 36. Rxf7 Kxf7 37. Rc3 c4 38. Ke1 Rd8 39. Ra3 Rd6 40. Re3 b4
0-1

[Event "A Dutch Treat"]
[Site "SchemingMind.com"]
[Date "2005.12.16"]
[Round "-"]
[White "Louis Lima"]
[Black "willygor"]
[Result "1/2-1/2"]
[WhiteCountry "ESP"]
[BlackCountry "ARG"]
[WhiteElo "1717"]
[WhiteRD "56"]
[BlackElo "1646"]
[BlackRD "63"]
[GameID "33380"]

1. d4 f5 2. c4 Nf6 3. Nc3 e6 4. Nf3 Bb4 5. Bg5 h6 6. Bxf6 Qxf6 7. e3 Nc6 8. Bd3 d6 9. a3 Bxc3+ 10. bxc3 Bd7
11. Rb1 b6 12. O-O O-O 13. Qe2 e5 14. e4 f4 15. d5 Ne7 16. Rb3=
1/2-1/2

[Event "A Dutch Treat"]
[Site "SchemingMind.com"]
[Date "2005.12.22"]
[Round "-"]
[White "langhab"]
[Black "willygor"]
[Result "1-0"]
[WhiteCountry "PHI"]
[BlackCountry "ARG"]
[WhiteElo "1712"]
[WhiteRD "64"]
[BlackElo "1646"]
[BlackRD "63"]
[GameID "33961"]

1. d4 f5 2. c4 Nf6 3. Nc3 e6 4. g3 Bb4 5. Bg2 Bxc3+ 6. bxc3 d6 7. Bg5 Nbd7 8. Nf3 O-O 9. O-O h6 10. Bc1 Qe8
11. Qc2 Nb6 12. Qb3 Kh8 13. a4 e5 14. Ba3 e4 15. Nd2 Be6 16. d5 Bc8 17. Rad1 Qxa4 18. c5 Qxb3 19. Nxb3 Na4 20. cxd6 Nxc3
21. dxc7 Rf7 22. Rd2 Ncxd5 23. Rc1 Nxc7 24. Rd8+ Kh7 25. Nd4 Rd7 26. Rxd7 Ncd5 27. Rd8 Nb6 28. Bc5 Nfd7 29. Bxb6 Nxb6 30. f3 Bd7
31. Rxa8 Nxa8 32. fxe4 b5 33. exf5
1-0

[Event "A Dutch Treat"]
[Site "SchemingMind.com"]
[Date "2005.12.22"]
[Round "-"]
[White "langhab"]
[Black "JPT"]
[Result "0-1"]
[WhiteCountry "PHI"]
[BlackCountry "INT"]
[WhiteElo "1704"]
[WhiteRD "64"]
[BlackElo "1782"]
[BlackRD "72"]
[GameID "33962"]

1. d4 f5 2. c4 Nf6 3. g3 g6 4. Bg2 d6 5. Nc3 Bg7 6. e3 O-O 7. Nge2 Nbd7 8. O-O Rb8 9. b4 b6 10. Bb2 e5
11. Qb3 Kh8 12. b5 e4 13. a4 a5 14. Rad1 Bb7 15. Nf4 Re8 16. Rc1 g5 17. Nfe2 h6 18. Nd5 Nxd5 19. cxd5 Nf6 20. Nc3 Re7
21. Rfd1 Qg8 22. Rd2 Nxd5 23. Ba3 f4 24. Nxe4 fxe3 25. fxe3 Nb4 26. Qxg8+ Kxg8 27. Bxb4 axb4 28. Nf2 Bxg2 29. Kxg2 Rxe3 30. Rxc7 b3
31. Rd7 Rbe8 32. Rd3 b2
0-1

[Event "A Dutch Treat"]
[Site "SchemingMind.com"]
[Date "2005.12.22"]
[Round "-"]
[White "langhab"]
[Black "Zugzwang"]
[Result "0-1"]
[WhiteCountry "PHI"]
[BlackCountry "CAN"]
[WhiteElo "1712"]
[WhiteRD "64"]
[BlackElo "1565"]
[BlackRD "75"]
[GameID "33963"]

1. d4 f5 2. e4 fxe4 3. Nc3 Nf6 4. Nxe4 Nxe4 5. Qh5+ g6 6. Qe5 Nf6 7. Bc4 d6 8. Qb5+ c6 9. Qb3 d5 10. Be2 Bf5
11. Be3 b5 12. f3 e6 13. g4 Bxg4 14. fxg4 Nxg4 15. O-O-O Nxe3 16. Qxe3 Qf6 17. Rf1 Qe7 18. Nf3 Bg7 19. Ne5 Rf8 20. Rxf8+ Qxf8
21. Qf3 Qxf3 22. Bxf3 Bxe5 23. dxe5 Nd7
0-1

[Event "A Dutch Treat"]
[Site "SchemingMind.com"]
[Date "2005.12.22"]
[Round "-"]
[White "langhab"]
[Black "Louis Lima"]
[Result "1/2-1/2"]
[WhiteCountry "PHI"]
[BlackCountry "ESP"]
[WhiteElo "1712"]
[WhiteRD "64"]
[BlackElo "1717"]
[BlackRD "56"]
[GameID "33964"]

1. d4 f5 2. c4 Nf6 3. g3 e6 4. Bg2 Be7 5. Nc3 d5 6. c5 c6 7. Bf4 Nh5 8. e3 Nxf4 9. exf4 O-O 10. Nf3 Bd7
11. O-O Be8 12. Ne5 Nd7 13. a4 Bf6 14. b4 Bxe5 15. fxe5 Qg5 16. f4= Qh6 17. Qd2=
1/2-1/2

[Event "A Dutch Treat"]
[Site "SchemingMind.com"]
[Date "2005.12.22"]
[Round "-"]
[White "willygor"]
[Black "langhab"]
[Result "0-1"]
[WhiteCountry "ARG"]
[BlackCountry "PHI"]
[WhiteElo "1646"]
[WhiteRD "63"]
[BlackElo "1712"]
[BlackRD "64"]
[GameID "33965"]

1. d4 f5 2. Nc3 Nf6 3. Bg5 e6 4. e4 Be7 5. e5 Ne4 6. Nxe4 Bxg5 7. Nxg5 Qxg5 8. Nf3 Qg4 9. h3 Qg6 10. Qd3 b6
11. O-O-O Bb7 12. Be2 O-O 13. Kb1 Nc6 14. c3 Nb4 15. cxb4 Be4 16. g3 Bxd3+
0-1

[Event "A Dutch Treat"]
[Site "SchemingMind.com"]
[Date "2005.12.22"]
[Round "-"]
[White "JPT"]
[Black "langhab"]
[Result "0-1"]
[WhiteCountry "INT"]
[BlackCountry "PHI"]
[WhiteElo "1782"]
[WhiteRD "72"]
[BlackElo "1704"]
[BlackRD "64"]
[GameID "33966"]

1. d4 f5 2. e4 fxe4 3. Nc3 Nf6 4. f3 exf3 5. Nxf3 g6 6. Bg5 Bg7 7. Bc4 c6 8. O-O d5 9. Bd3 Bg4 10. h3 Bxf3
11. Qxf3 O-O 12. Qe3 Nbd7 13. Rae1 Re8 14. Qf4 b5 15. Be2 b4 16. Nd1 Ne4 17. c3 Rf8 18. Qc1 Nxg5 19. Qxg5 Bf6 20. Qc1 Qb6
21. Kh1 c5 22. Bg4 Rad8 23. Be6+ Kg7 24. Bxd5 cxd4 25. cxd4 Qxd4 26. Bf3 Ne5 27. b3 Bh4 28. Re4 Qxe4
0-1

[Event "A Dutch Treat"]
[Site "SchemingMind.com"]
[Date "2005.12.22"]
[Round "-"]
[White "Zugzwang"]
[Black "langhab"]
[Result "1-0"]
[WhiteCountry "CAN"]
[BlackCountry "PHI"]
[WhiteElo "1565"]
[WhiteRD "75"]
[BlackElo "1712"]
[BlackRD "64"]
[GameID "33967"]

1. d4 f5 2. c4 Nf6 3. Nc3 e6 4. a3 Be7 5. e3 O-O 6. Bd3 b6 7. Nf3 Bb7 8. O-O Ne4 9. Qb3 d5 10. cxd5 Bxd5
11. Nxd5 exd5 12. Bd2 Kh8 13. Rac1 g5 14. Bc3 c6 15. Rfd1 Bd6 16. Bc4 b5 17. Be2 g4 18. Ne5 Qe8 19. f4 Na6 20. Ba5 Rc8
21. a4 bxa4 22. Qxa4 Bxe5 23. fxe5 Nb8 24. Bb4 Rg8 25. Rc2 Qe6 26. Rdc1 Rg7 27. Bb5 Rgc7 28. Ba6 Nxa6 29. Qxa6
1-0

[Event "A Dutch Treat"]
[Site "SchemingMind.com"]
[Date "2005.12.22"]
[Round "-"]
[White "Louis Lima"]
[Black "langhab"]
[Result "1-0"]
[WhiteCountry "ESP"]
[BlackCountry "PHI"]
[WhiteElo "1717"]
[WhiteRD "56"]
[BlackElo "1712"]
[BlackRD "64"]
[GameID "33968"]

1. d4 f5 2. c4 Nf6 3. Nc3 e6 4. Bg5 Be7 5. Nf3 O-O 6. e3 h6 7. Bxf6 Bxf6 8. e4 d6 9. Bd3 fxe4 10. Nxe4 d5
11. Nxf6+ Qxf6 12. O-O Nd7 13. Qc2 b6 14. Rae1 Bb7 15. Ne5 Nxe5 16. Rxe5 Rae8 17. c5 c6 18. b4 b5 19. Rfe1 Bc8 20. R1e3 Qf4
21. Bh7+ Kh8 22. Bg6 Re7 23. Rf3
1-0

[Event "A Dutch Treat"]
[Site "SchemingMind.com"]
[Date "2005.12.30"]
[Round "-"]
[White "lumilinna"]
[Black "willygor"]
[Result "1-0"]
[WhiteCountry "FIN"]
[BlackCountry "ARG"]
[WhiteElo "1828"]
[WhiteRD "71"]
[BlackElo "1672"]
[BlackRD "64"]
[GameID "34601"]

1. d4 f5 2. g3 Nf6 3. Bg2 d5 4. c4 e6 5. Nf3 Bb4+ 6. Bd2 Bxd2+ 7. Nbxd2 c6 8. O-O O-O 9. Qc2 Nbd7 10. b4 Ne4
11. b5 Ndf6 12. a4 Bd7 13. Ne5 Be8 14. Rab1 Qc7 15. Rfc1 Qa5 16. Bxe4 Nxe4 17. Nxe4 dxe4 18. Qb3 Qc7 19. c5 Qe7 20. Nc4 f4
21. Nd6 fxg3 22. hxg3 Bh5 23. Rb2 Rab8 24. bxc6 bxc6 25. Qxb8 Qg5 26. Qxf8+ Kxf8 27. Rcb1 e5 28. e3 Bf3 29. Rb7 Qh5 30. Rf7+ Qxf7
31. Rb8+
1-0

[Event "A Dutch Treat"]
[Site "SchemingMind.com"]
[Date "2005.12.30"]
[Round "-"]
[White "lumilinna"]
[Black "JPT"]
[Result "1-0"]
[WhiteCountry "FIN"]
[BlackCountry "INT"]
[WhiteElo "1820"]
[WhiteRD "74"]
[BlackElo "1766"]
[BlackRD "76"]
[GameID "34602"]

1. d4 f5 2. c4 Nf6 3. Nc3 g6 4. Nf3 Bg7 5. Bf4 d6 6. e3 O-O 7. h4 Nbd7 8. Be2 Nh5 9. Ng5 Nxf4 10. exf4 Nf6
11. h5 h6 12. Nf3 Nxh5 13. Qd2 c6 14. Nh4 Nxf4 15. Qxf4 g5 16. Qh2 gxh4 17. Qxh4 e5 18. Qxd8 Rxd8 19. d5 Bd7 20. O-O-O c5
21. g4 Kf7 22. gxf5 Bxf5 23. Bh5+ Kf6 24. Rdg1 a6 25. Bg4 Bxg4 26. Rxg4 Bf8 27. Ne4+ Ke7 28. f4 exf4 29. Rxf4 Kd7 30. Rhf1 Kc7
31. Rf7+ Kb6 32. Nf6 h5 33. Nd7+ Rxd7 34. Rxd7
1-0

[Event "A Dutch Treat"]
[Site "SchemingMind.com"]
[Date "2005.12.30"]
[Round "-"]
[White "lumilinna"]
[Black "langhab"]
[Result "1-0"]
[WhiteCountry "FIN"]
[BlackCountry "PHI"]
[WhiteElo "1784"]
[WhiteRD "69"]
[BlackElo "1712"]
[BlackRD "64"]
[GameID "34603"]

1. d4 f5 2. c4 b6 3. Nc3 Bb7 4. Nf3 e6 5. g3 Nf6 6. Bg2 Be7 7. O-O O-O 8. d5 exd5 9. cxd5 Bb4 10. Nh4 Bxc3
11. bxc3 g6 12. Qb3 d6 13. Bg5 Nbd7 14. e4 Qe8 15. exf5 Nc5 16. Qc2 gxf5 17. Nxf5 Qg6 18. Ne7+
1-0

[Event "A Dutch Treat"]
[Site "SchemingMind.com"]
[Date "2005.12.30"]
[Round "-"]
[White "lumilinna"]
[Black "Zugzwang"]
[Result "1-0"]
[WhiteCountry "FIN"]
[BlackCountry "CAN"]
[WhiteElo "1784"]
[WhiteRD "69"]
[BlackElo "1565"]
[BlackRD "75"]
[GameID "34604"]

1. d4 f5 2. e4 fxe4 3. Nc3 Nf6 4. Bg5 b6 5. f3 e3 6. Bxe3 e6 7. Nh3 Bb7 8. Be2 Bb4 9. O-O Bxc3 10. bxc3 d5
11. Re1 O-O 12. Bb5 c6 13. Ba4 b5 14. Bb3 a5 15. a4 Nbd7 16. Bf4 Nh5 17. Bd6 Rf7 18. Qd3 Qb6 19. Ng5 Rf5 20. Nxe6 Rf6
21. Ng5 Rh6 22. Qf5 Ndf6 23. Qe6+
1-0

[Event "A Dutch Treat"]
[Site "SchemingMind.com"]
[Date "2005.12.30"]
[Round "-"]
[White "lumilinna"]
[Black "Louis Lima"]
[Result "1-0"]
[WhiteCountry "FIN"]
[BlackCountry "ESP"]
[WhiteElo "1828"]
[WhiteRD "71"]
[BlackElo "1667"]
[BlackRD "52"]
[GameID "34605"]

1. d4 f5 2. c4 Nf6 3. Nc3 e6 4. Bg5 Be7 5. e3 d5 6. Nf3 O-O 7. Bd3 c6 8. O-O Bd7 9. Ne5 Be8 10. cxd5 cxd5
11. Qb3 b6 12. a4 Nc6 13. Nxc6 Bxc6 14. Bb5 Qd7 15. Rfc1 Rfc8 16. Ba6
1-0

[Event "A Dutch Treat"]
[Site "SchemingMind.com"]
[Date "2005.12.30"]
[Round "-"]
[White "willygor"]
[Black "lumilinna"]
[Result "0-1"]
[WhiteCountry "ARG"]
[BlackCountry "FIN"]
[WhiteElo "1678"]
[WhiteRD "65"]
[BlackElo "1819"]
[BlackRD "71"]
[GameID "34606"]

1. d4 f5 2. Nc3 Nf6 3. Bg5 d5 4. Bxf6 exf6 5. e3 Be6 6. Bb5+ c6 7. Bd3 Qb6 8. b3 Nd7 9. Nge2 Bb4 10. O-O Rc8
11. Na4 Qa5 12. Nf4 Bf7 13. Bxf5 b5 14. Bxd7+ Kxd7 15. Nb2 g5 16. Qg4+ Kc7 17. Ne2 Rce8 18. Nd3 Bd6 19. Ng3 Bg6 20. Qd1 h5
21. h3 Kb8 22. a3 Qc7 23. f4 Rxe3 24. Ne2 Rhe8 25. Rf2 h4 26. Qd2 Bh5 27. Re1 Qe7 28. Kf1 g4 29. hxg4 Bxg4 30. a4 h3
31. gxh3 Bxh3+ 32. Kg1 Rg8+ 33. Kh1 Qe4+ 34. Kh2 Rg2+
0-1

[Event "A Dutch Treat"]
[Site "SchemingMind.com"]
[Date "2005.12.30"]
[Round "-"]
[White "JPT"]
[Black "lumilinna"]
[Result "1/2-1/2"]
[WhiteCountry "INT"]
[BlackCountry "FIN"]
[WhiteElo "1787"]
[WhiteRD "73"]
[BlackElo "1827"]
[BlackRD "75"]
[GameID "34607"]

1. d4 f5 2. e4 fxe4 3. Nc3 Nf6 4. f3 exf3 5. Nxf3 g6 6. Bg5 Bg7 7. Bc4 c6 8. Qd2 d5 9. Bd3 O-O 10. O-O-O Bg4
11. Rdf1 Bxf3 12. Rxf3 Nbd7 13. Bh6 e5 14. dxe5 Nxe5 15. Rh3 Nfg4 16. Bxg7 Kxg7 17. Nd1 Qd6 18. Ne3 Rf2 19. Qc3 d4 20. Nc4 dxc3
21. Nxd6 cxb2+ 22. Kxb2 Nxd3+ 23. Rxd3 Rxg2 24. Rg3 Rxg3 25. hxg3 h5 26. c4 b6 27. Kc3 c5 28. a4 Rf8 29. Rd1 Rf3+ 30. Rd3 Rxd3+
31. Kxd3 Ne5+ 32. Ke4 Nc6 33. Kd5 Nd4 34. a5 Ne2 35. axb6 axb6 36. Ne4 Nd4 37. Ke5 Kh6 38. Kf6 Nf3 39. Nd6 Nd2 40. Nf7+ Kh7
41. Ng5+ Kg8 42. Kxg6 Nxc4 43. Kxh5 Nd2 44. Kg4 c4 45. Kf4 c3 46. Ke3 b5 47. Ne6 b4 48. Nd4 Nc4+ 49. Kd3 Ne5+ 50. Kc2 Kf7=
1/2-1/2

[Event "A Dutch Treat"]
[Site "SchemingMind.com"]
[Date "2006.01.02"]
[Round "-"]
[White "langhab"]
[Black "lumilinna"]
[Result "0-1"]
[WhiteCountry "PHI"]
[BlackCountry "FIN"]
[WhiteElo "1704"]
[WhiteRD "65"]
[BlackElo "1819"]
[BlackRD "71"]
[GameID "34608"]

1. d4 f5 2. c4 Nf6 3. g3 e6 4. Bg2 Be7 5. Nc3 O-O 6. Qb3 Nc6 7. Nf3 Bb4 8. O-O Qe7 9. Nb5 Ba5 10. a3 a6
11. Nc3 Bb6 12. c5 Ba7 13. Bg5 Rb8 14. Rad1 b6 15. Qa2 bxc5 16. d5 Nd8 17. Ne5 d6 18. Bxf6 Qxf6 19. Nc4 e5 20. Qb1 Bd7
21. Qd3 e4 22. Qc2 Nf7 23. f4 c6 24. e3 cxd5 25. Nxd5 Qd8 26. Rf2 Bb5 27. h3 Bxc4 28. Qxc4 Qd7 29. Bf1 Qb5 30. Qxb5 axb5
31. Ne7+ Kh8 32. Nxf5 Rfd8 33. Rfd2 c4 34. Kf2 Bc5 35. g4 Rd7 36. Rd5 Rc7 37. h4 g6 38. Ng3 c3 39. b4 c2 40. Rc1 Bxe3+
41. Kxe3 Rc3+ 42. Bd3 exd3 43. Rxd3 Rbc8 44. Kd2 R3c4 45. Ne2 Nh6 46. Rxd6 Nxg4 47. Nd4 Nf2 48. Rd5 Ne4+ 49. Kd3 Nc3 50. Rd7 Na2
51. Rxc2 Nc1+
0-1

[Event "A Dutch Treat"]
[Site "SchemingMind.com"]
[Date "2005.12.30"]
[Round "-"]
[White "Zugzwang"]
[Black "lumilinna"]
[Result "0-1"]
[WhiteCountry "CAN"]
[BlackCountry "FIN"]
[WhiteElo "1565"]
[WhiteRD "75"]
[BlackElo "1784"]
[BlackRD "69"]
[GameID "34609"]

1. d4 f5 2. g3 Nf6 3. Bg2 e6 4. c4 Be7 5. Nf3 O-O 6. O-O d6 7. Nc3 Qe8 8. Qc2 Qh5 9. Bg5 h6 10. Bxf6 Bxf6
11. e4 Nc6 12. Nb5 Rf7 13. Rad1 e5 14. dxe5 Nxe5 15. c5 Nxf3+ 16. Bxf3 Qxf3 17. Rd3 Qxe4 18. cxd6 Qc6 19. Qxc6 bxc6 20. Nxc7 Rb8
21. b3 Bd8 22. Re1 Bxc7 23. dxc7 Rxc7 24. Re8+ Kh7 25. Rdd8 c5 26. h4 h5 27. Rh8+ Kg6 28. Rd6+ Kf7 29. Rxh5 c4 30. bxc4 Rxc4
31. Rh8 Bb7
0-1

[Event "A Dutch Treat"]
[Site "SchemingMind.com"]
[Date "2005.12.31"]
[Round "-"]
[White "eHowitzer"]
[Black "willygor"]
[Result "1-0"]
[WhiteCountry "CAN"]
[BlackCountry "ARG"]
[WhiteElo "2125"]
[WhiteRD "72"]
[BlackElo "1646"]
[BlackRD "63"]
[GameID "34675"]

1. d4 f5 2. g3 Nf6 3. Bg2 d5 4. c4 e6 5. Nh3 Bb4+ 6. Bd2 Bxd2+ 7. Nxd2 Nbd7 8. Nf4 Nf8 9. e3 c6 10. O-O Ng6
11. Nxg6 hxg6 12. Nf3 Bd7 13. Ne5 Qc7 14. Nxg6 Rh6 15. Ne5 Ke7 16. Qa4 g5 17. Qb4+ Ke8 18. Qd2 Ke7 19. e4 dxe4 20. h4 Rh5
21. hxg5 Ng4 22. Nxg4 fxg4 23. Rfe1 Rah8 24. Rxe4 a5 25. Rae1 Kd8 26. Re5 b6 27. Qf4 Qd6 28. g6 Rf5 29. Rxf5
1-0

[Event "A Dutch Treat"]
[Site "SchemingMind.com"]
[Date "2005.12.31"]
[Round "-"]
[White "eHowitzer"]
[Black "JPT"]
[Result "1-0"]
[WhiteCountry "CAN"]
[BlackCountry "INT"]
[WhiteElo "2125"]
[WhiteRD "72"]
[BlackElo "1765"]
[BlackRD "71"]
[GameID "34676"]

1. d4 f5 2. g3 Nf6 3. Bg2 g6 4. Nf3 Bg7 5. O-O d6 6. c4 O-O 7. Nc3 Qe8 8. b3 Nc6 9. Ba3 Rb8 10. Nd5 Nxd5
11. cxd5 Nd8 12. Rc1 c6 13. dxc6 bxc6 14. e3 Bb7 15. Qd3 Nf7 16. Qc4 Kh8 17. Qa4 a6 18. Rc2 Qd7 19. d5 Rfc8 20. Nd4 Ne5
21. dxc6
1-0

[Event "A Dutch Treat"]
[Site "SchemingMind.com"]
[Date "2005.12.31"]
[Round "-"]
[White "eHowitzer"]
[Black "lumilinna"]
[Result "1-0"]
[WhiteCountry "CAN"]
[BlackCountry "FIN"]
[WhiteElo "2164"]
[WhiteRD "69"]
[BlackElo "1819"]
[BlackRD "71"]
[GameID "34677"]

1. d4 f5 2. g3 Nf6 3. Bg2 e6 4. Nf3 Be7 5. c4 O-O 6. O-O d6 7. Nc3 Qe8 8. Re1 Qg6 9. e4 Nxe4 10. Nxe4 fxe4
11. Rxe4 Nc6 12. Qe2 Bf6 13. Bh3 e5 14. Bxc8 Raxc8 15. d5 Nb8 16. Ne1 Nd7= 17. Nd3 c6 18. dxc6 Rxc6 19. b3 a6 20. Ba3 Bd8
21. Nb4 Rc8 22. Nd5 Nf6 23. Nxf6+ Rxf6 24. c5 dxc5 25. Rxe5 Rf5 26. Rxf5 Qxf5 27. Qe8+
1-0

[Event "A Dutch Treat"]
[Site "SchemingMind.com"]
[Date "2005.12.31"]
[Round "-"]
[White "eHowitzer"]
[Black "langhab"]
[Result "1-0"]
[WhiteCountry "CAN"]
[BlackCountry "PHI"]
[WhiteElo "2125"]
[WhiteRD "72"]
[BlackElo "1712"]
[BlackRD "64"]
[GameID "34678"]

1. d4 f5 2. g3 d5 3. c4 e6 4. cxd5 Qxd5 5. Nf3 Bb4+ 6. Bd2 Bxd2+ 7. Nbxd2 Nf6 8. e3 O-O 9. Bc4 Qd6 10. Qc2 Kh8
11. O-O b6 12. e4 fxe4 13. Nxe4 Nxe4 14. Qxe4 Nc6 15. Ng5 Bd7 16. Qxh7#
1-0